000 00595nam a2200217Ia 4500
008 101110s9999 xx 000 0 und d
041 _aENGLISH
082 _bSR27158
100 _aBalagurusamy E.
245 _aObject oriented programming with C++ 2nd edition
260 _c2005
_bTata McGraw Hill, New delhi
300 _a533
365 _b195
520 _aComputer
546 _aENGLISH
630 _aObject oriented programming with C++ 2nd edition
650 _aComputer
655 _aComputer
730 _aObject oriented programming with C++ 2nd edition
942 _cBOOK
999 _c819714
_d819711